| 000 -ლიდერი |
| ფიქსირებული სიგრძის საკონტროლო ველი |
01431nam a22002537a 4500 |
| 003 - საკონტროლო ნომრის იდენტიფიკატორი |
| საკონტროლო ველი |
Ge_BSU |
| 005 - ბოლო ოპერაციის თარიღი და დრო |
| საკონტროლო ველი |
20220608125719.0 |
| 008 - ფიქსირებული სიგრძის მონაცემთა ელემენტები - ზოგადი ინფორმაცია |
| ფიქსირებული სიგრძის საკონტროლო ველი |
220608s2018ge xxu||||| |||| 00| 0 geo d |
| 020 ## - წიგნის საერთაშორისო სტანდარტული ნომერი |
| International Standard Book Number |
9144119756091 |
| 041 ## - ენის კოდი |
| Language code of text/sound track or separate title |
geo |
| 080 ## - უნივერსალური ათობითი კლასიფიკაციის ინდექსი |
| Universal Decimal Classification number |
1(38) პ-43 |
| 100 ## - მთავარი ჩანაწერი - პიროვნების სახელი |
| Personal name |
პლატონი, 427-347 ჩ.წ.ა |
| 9 (RLIN) |
14012 |
| 245 ## - ცნობა სათაურის შესახებ |
| Title |
ფედონი / |
| Statement of responsibility, etc |
პლატონი, ტექსტი გამოსაცემად მოამზადეს : დავით კუხალეიშვილმა, თამარ აფაქიძემ და ბადრი შარვაძემ |
| 250 ## - გამოცემის ცნობა |
| Edition statement |
მე-2 გამოცემა, შესწორებული |
| 264 ## - წარმოების, გამოცემის, დისტრიბუციის და სხვა ცნობები |
| გამოცემის, წარმოების, დისტრიბუციის... ადგილი |
თბილისი : |
| გამოცემის, წარმოების, დისტრიბუციის... სახელწოდება |
PUBLISHERS |
| გამოცემის, წარმოების, დისტრიბუციის... თარიღი |
2018. |
| 300 ## - ფიზიკური აღწერა |
| Extent |
51 გვ.: |
| Dimensions |
27 სმ. |
| 501 ## - შენიშვნა თანმხლებ მასალაზე |
| With note |
სახელთა საძ.გვ:50-51 |
| 653 ## - INDEX TERM--UNCONTROLLED |
| Uncontrolled term |
ძველი ბერძნული ფილოსოფია. |
| 653 ## - INDEX TERM--UNCONTROLLED |
| Uncontrolled term |
ფილოსოფია |
| 700 ## - ADDED ENTRY--PERSONAL NAME |
| Personal name |
კუხალეიშვილი, დავით |
| Relator term |
გამოსაცემად მოამზადა ტექსტი |
| 9 (RLIN) |
14013 |
| 700 ## - ADDED ENTRY--PERSONAL NAME |
| Personal name |
აფაქიძე, თამარ |
| Relator term |
გამოსაცემად მოამზადა ტექსტი |
| 9 (RLIN) |
14014 |
| 700 ## - ADDED ENTRY--PERSONAL NAME |
| Personal name |
შარვაძე, ბადრი |
| Relator term |
გამოსაცემად მოამზადა ტექსტი |
| 9 (RLIN) |
14015 |
| 942 ## - ADDED ENTRY ELEMENTS (KOHA) |
| Source of classification or shelving scheme |
|
| Koha item type |
წიგნი |